000 00549nam a2200217Ia 4500
003 OSt
005 20220926042416.0
006 a|||||r|||| 00| 0
007 ta
008 220923b |||||||| |||| 00| 0 eng d
037 _cGeneral Book
040 _aRTL
_cRTL
_beng
041 _2eng
_aeng
082 _aX7, K0
100 _aBuchanan James M.
_923574
245 0 _aFiscal theory and political economy
260 _c1960
650 _aPublic Finance
942 _hX7, K0
_cGB
_2CC
999 _c669663
_d669663